00256nam a22000977a 4500082001600000100002700016245005400043260004200097300000900139440001000148 aTNC A7 B859 aBuddharakkhita,Acharya aLife's great blessingscby Acharya Buddharakkhita aBangalorebBuddha Vachana Trustc2006 a57p. vVol.2